[Event "VIII Festival A"]
[Site "Verona ITA"]
[Date "2002.01.05"]
[Round "5"]
[White "Ferretti, Folco"]
[Black "Giretti Kanev, Jasen"]
[Result "1-0"]
[WhiteElo "2286"]
[BlackElo "2199"]
[PlyCount "103"]
[EventDate "2002.01.02"]

1.c4 g6 2.Nc3 Bg7 3.g3 d6 4.Bg2 e5 5.d3 c6 6.e3 Be6 7.Nge2 Nf6 8.b3 d5 9.
cxd5 Nxd5 10.O-O O-O 11.Qd2 Na6 12.Bb2 Qd7 13.Rfd1 Rfd8 14.Nxd5 Bxd5 15.e4
Be6 16.Qc3 Nc7 17.Rd2 Nb5 18.Qc2 Rac8 19.Rf1 c5 20.f4 c4 21.bxc4 Bxc4 22.
Bxe5 Bxe5 23.fxe5 Bxd3 24.Qb3 Nd4 25.Nxd4 Qxd4+ 26.Kh1 Qc4 27.Rfd1 Qxb3 
28.axb3 Kf8 29.Kg1 Rc3 30.Bf1 Rxb3 31.Rxd3 Rdxd3 32.Bxd3 Ke7 33.Bc4 Rb4 
34.Bd5 f6 35.Rf1 fxe5 36.Rf7+ Kd6 37.Rxb7 Rxb7 38.Bxb7 Kc5 39.Kf2 Kd4 40.
Kf3 a5 41.Bc6 Kc5 42.Be8 Kc4 43.h4 Kc5 44.Kg4 Kd4 45.Bc6 Ke3 46.Kg5 a4 47.
Kh6 a3 48.Bd5 a2 49.Bxa2 Kxe4 50.Kxh7 Kf5 51.Bb1+ e4 52.Bxe4+ 1-0

[Event "VIII Festival A"]
[Site "Verona ITA"]
[Date "2002.01.05"]
[Round "5"]
[White "Guido, Flavio"]
[Black "Borgo, Giulio"]
[Result "1/2-1/2"]
[WhiteElo "2351"]
[BlackElo "2417"]
[PlyCount "123"]
[EventDate "2002.01.02"]

1.e4 d5 2.exd5 Qxd5 3.Nc3 Qd6 4.d4 Nf6 5.Nf3 a6 6.Be3 Nc6 7.Qd2 Bg4 8.Be2 
e6 9.h3 Bh5 10.O-O-O O-O-O 11.Ng5 Bxe2 12.Nxf7 Qd7 13.Nxd8 Bxd1 14.Nxc6 
Qxc6 15.d5 Nxd5 16.Rxd1 Bb4 17.Bd4 Nxc3 18.Bxc3 Bxc3 19.bxc3 Qxg2 20.Qd7+ 
Kb8 21.Qxe6 Qxf2 22.Rd7 Qg1+ 23.Kb2 Rf8 24.Rxc7 Kxc7 25.Qe7+ Kc6 26.Qxf8 
Qb6+ 27.Ka1 Qg1+ 28.Kb2 Qb6+ 29.Ka1 Qc7 30.Qb4 g6 31.Qc4+ Kb6 32.Qd4+ Qc5 
33.Qg7 Qg1+ 34.Kb2 h5 35.h4 Qg2 36.Qd4+ Kc7 37.Qg7+ Kd6 38.Qf6+ Kd7 39.
Qf7+ Kd6 40.Qf6+ Kd5 41.Qf7+ Ke5 42.Qe7+ Kf4 43.Qf6+ Ke3 44.Qd4+ Kf3 45.
Qf6+ Ke2 46.a3 Qe4 47.Kb3 Ke3 48.a4 Qc6 49.Qf7 Qb6+ 50.Kc4 Ke4 51.Qd5+ Kf4
52.Qd4+ Qxd4+ 53.cxd4 g5 54.hxg5 Kxg5 55.Kd3 b5 56.c3 Kf4 57.Ke2 Ke4 58.
Kf2 b4 59.cxb4 Kxd4 60.Kg3 Kc4 61.Kh4 Kxb4 62.Kxh5 1/2-1/2

[Event "VIII Festival A"]
[Site "Verona ITA"]
[Date "2002.01.05"]
[Round "5"]
[White "Ivanov, Jordan"]
[Black "Rossi, Carlo"]
[Result "1-0"]
[WhiteElo "2410"]
[BlackElo "2355"]
[PlyCount "65"]
[EventDate "2002.01.02"]

1.d4 Nf6 2.Nf3 c5 3.d5 g6 4.c4 Bg7 5.Nc3 O-O 6.e4 d6 7.h3 e5 8.g4 Nxe4 9.
Nxe4 f5 10.gxf5 gxf5 11.Nc3 e4 12.Bg5 Qb6 13.Na4 Qa5+ 14.Nd2 f4 15.Rg1 Kh8
16.Nc3 b5 17.Ncxe4 Re8 18.Bd3 Bf5 19.Bh6 Bxb2 20.Qh5 Bg6 21.Rxg6 hxg6 22.
Qxg6 Nd7 23.Kf1 Re7 24.Rb1 Rg8 25.Qxd6 Qa3 26.Nb3 Rge8 27.Bxf4 bxc4 28.
Bxc4 Bg7 29.Ng5 Qb4 30.Nd2 Qc3 31.Qg6 Nf6 32.d6 Rb7 33.Rxb7 1-0

[Event "VIII Festival A"]
[Site "Verona ITA"]
[Date "2002.01.05"]
[Round "5"]
[White "Manca, Federico"]
[Black "Piscopo, Pierluigi"]
[Result "1/2-1/2"]
[WhiteElo "2358"]
[BlackElo "2256"]
[PlyCount "49"]
[EventDate "2002.01.02"]

1.e4 c5 2.Nf3 e6 3.c3 d5 4.exd5 exd5 5.d4 Nf6 6.Bb5+ Bd7 7.Bxd7+ Nbxd7 8.
O-O Be7 9.dxc5 Nxc5 10.Bg5 O-O 11.Nbd2 Re8 12.Nb3 Nce4 13.Bxf6 Bxf6 14.Qc2
Qc7 15.Rad1 Rad8 16.Rd3 b5 17.a3 a5 18.Qd1 b4 19.cxb4 axb4 20.axb4 Qc4 21.
Na5 Qa2 22.Nc6 Rd6 23.b5 Qxb2 24.Qb3 Qxb3 25.Rxb3 1/2-1/2

[Event "VIII Festival A"]
[Site "Verona ITA"]
[Date "2002.01.05"]
[Round "5"]
[White "Martorelli, Antonio"]
[Black "Mussanti, Diego"]
[Result "0-1"]
[WhiteElo "2262"]
[BlackElo "2281"]
[PlyCount "80"]
[EventDate "2002.01.02"]

1.e4 c5 2.Nf3 e6 3.d4 cxd4 4.Nxd4 Nc6 5.Nb5 d6 6.Bf4 e5 7.Be3 a6 8.N5c3 
Nf6 9.Bg5 Be7 10.Nd2 O-O 11.Bxf6 Bxf6 12.Nd5 Kh8 13.Nc4 Be6 14.Nce3 Bg5 
15.h4 Bxe3 16.Nxe3 Qb6 17.b3 Qb4+ 18.Qd2 Qxe4 19.Bd3 Qb4 20.c3 Qc5 21.b4 
Qb6 22.g4 d5 23.Nf5 e4 24.Be2 Bxf5 25.gxf5 Ne7 26.O-O-O Rac8 27.Kb2 Qf6 
28.Bg4 Rc4 29.a3 Rfc8 30.Rc1 e3 31.Qd1 Rxc3 32.Rxc3 Qxc3+ 33.Ka2 Qc2+ 34.
Qxc2 Rxc2+ 35.Kb3 Rxf2 36.Kc3 h5 37.Bxh5 Nxf5 38.Bg4 d4+ 39.Kc4 e2 40.Re1 
Ne3+ 0-1

[Event "VIII Festival A"]
[Site "Verona ITA"]
[Date "2002.01.05"]
[Round "5"]
[White "Mukic, Josko"]
[Black "Godena, Michele"]
[Result "1/2-1/2"]
[WhiteElo "2379"]
[BlackElo "2487"]
[PlyCount "39"]
[EventDate "2002.01.02"]

1.d4 d5 2.Bg5 h6 3.Bh4 c6 4.Nf3 Qb6 5.b3 Bf5 6.e3 Qa5+ 7.c3 e6 8.Bd3 Bxd3 
9.Qxd3 Be7 10.Bxe7 Nxe7 11.O-O Nd7 12.c4 c5 13.Nc3 cxd4 14.exd4 O-O 15.
Rab1 b6 16.Rfc1 Rfd8 17.cxd5 Nxd5 18.Nxd5 Qxd5 19.Qa6 e5 20.Nxe5 1/2-1/2

[Event "VIII Festival A"]
[Site "Verona ITA"]
[Date "2002.01.05"]
[Round "5"]
[White "Ortega, Lexy"]
[Black "Castaldo, Folco"]
[Result "1/2-1/2"]
[WhiteElo "2481"]
[BlackElo "2295"]
[PlyCount "81"]
[EventDate "2002.01.02"]

1.Nf3 d5 2.d4 Nf6 3.c4 e6 4.Nc3 Nbd7 5.cxd5 exd5 6.Bg5 c6 7.e3 Be7 8.Qc2 
Nh5 9.Bxe7 Qxe7 10.h3 Nb6 11.Ne5 Be6 12.Bd3 g6 13.O-O-O Nf6 14.Kb1 Nfd7 
15.Nf3 O-O-O 16.Rc1 Kb8 17.Na4 Nxa4 18.Qxa4 Nb6 19.Qa5 f6 20.Nd2 Nc4 21.
Qc3 Nxd2+ 22.Qxd2 Qd7 23.Ka1 Bf5 24.Be2 Be4 25.f3 Bf5 26.e4 dxe4 27.fxe4 
Be6 28.Rhd1 f5 29.d5 cxd5 30.exd5 Bxd5 31.Bf3 Bc6 32.Qb4 Qc7 33.Rxd8+ Rxd8
34.Qc3 Qd6 35.Bxc6 Qxc6 36.Qe5+ Qd6 37.Qg7 Qd7 38.Qe5+ Qd6 39.Qg7 Qf4 40.
Qc3 Qd6 41.Qg7 1/2-1/2

[Event "VIII Festival A"]
[Site "Verona ITA"]
[Date "2002.01.05"]
[Round "5"]
[White "Zelcic, Robert"]
[Black "Mrdja, Milan"]
[Result "1-0"]
[WhiteElo "2544"]
[BlackElo "2399"]
[PlyCount "71"]
[EventDate "2002.01.02"]

1.e4 e5 2.Nf3 d6 3.d4 exd4 4.Nxd4 Nf6 5.Nc3 Be7 6.Bc4 O-O 7.O-O Re8 8.Re1 
Bf8 9.Bg5 c6 10.a4 a5 11.Qd2 Nbd7 12.Bf1 h6 13.Bh4 Ne5 14.f3 Ng6 15.Bf2 
Qc7 16.Rad1 Bd7 17.Kh1 Rad8 18.Be3 Rb8 19.Bg1 Rbd8 20.Qf2 Rb8 21.h3 b6 22.
Bh2 Rbd8 23.f4 Qb7 24.Bd3 c5 25.Ndb5 Bc6 26.e5 dxe5 27.fxe5 Nd5 28.Nxd5 
Bxd5 29.Nd6 Bxd6 30.exd6 c4 31.Rxe8+ Rxe8 32.Bf5 Nf8 33.h4 Bc6 34.b3 Bd7 
35.bxc4 Bxf5 36.Qxf5 1-0

[Event "VIII Festival A"]
[Site "Verona ITA"]
[Date "2002.01.05"]
[Round "6"]
[White "Borgo, Giulio"]
[Black "Mukic, Josko"]
[Result "1-0"]
[WhiteElo "2417"]
[BlackElo "2379"]
[PlyCount "80"]
[EventDate "2002.01.02"]

1.c4 b6 2.Nc3 Bb7 3.e4 e5 4.Nf3 Nc6 5.Be2 Bc5 6.Nxe5 Nxe5 7.d4 Bd6 8.dxe5 
Bxe5 9.Nd5 c6 10.Ne3 Qh4 11.Ng4 Bc7 12.Qd4 f6 13.g3 Qh3 14.Ne3 Qe6 15.Nf5 
O-O-O 16.Nxg7 Qh3 17.Qd1 Nh6 18.Nh5 Nf7 19.Bg4 Qg2 20.Bf3 Qh3 21.Bg4 Qg2 
22.Qf3 Qxf3 23.Bxf3 Be5 24.Rb1 Nd6 25.b3 c5 26.O-O f5 27.Bf4 Rde8 28.Bxe5 
Rxe5 29.Rbd1 Kc7 30.Nf4 fxe4 31.Bg4 Rg8 32.Bh3 h5 33.Ng2 h4 34.Ne3 Bc6 35.
Bg4 b5 36.h3 Rg7 37.Rd2 bxc4 38.Rxd6 cxb3 39.axb3 Bb5 40.Rfd1 Bd3 1-0

[Event "VIII Festival A"]
[Site "Verona ITA"]
[Date "2002.01.05"]
[Round "6"]
[White "Giretti Kanev, Jasen"]
[Black "Berni, Giorgio"]
[Result "0-1"]
[WhiteElo "2199"]
[BlackElo "2160"]
[PlyCount "62"]
[EventDate "2002.01.02"]

1.Nf3 Nf6 2.g3 b6 3.Bg2 Bb7 4.O-O c5 5.c4 g6 6.Nc3 Bg7 7.d3 O-O 8.e4 d6 9.
h3 h6 10.Be3 e5 11.Qd2 Kh7 12.Nh2 Nc6 13.f4 Nh5 14.f5 Nxg3 15.Ng4 Nxf1 16.
Rxf1 h5 17.Bg5 Qd7 18.Bf6 hxg4 19.Bxg7 Kxg7 20.f6+ Kh7 21.Rf5 Rg8 22.Qg5 
Rh8 23.Qxg4 Kg8 24.Nd5 Re8 25.Kf2 Nd4 26.Rxe5 Re6 27.Ne7+ Kf8 28.Rf5 Nxf5 
29.exf5 Rxf6 30.Bxb7 Qxb7 31.Nd5 Rxf5+ 0-1

[Event "VIII Festival A"]
[Site "Verona ITA"]
[Date "2002.01.05"]
[Round "6"]
[White "Godena, Michele"]
[Black "Janev, Evgeni"]
[Result "1/2-1/2"]
[WhiteElo "2487"]
[BlackElo "2498"]
[PlyCount "80"]
[EventDate "2002.01.02"]

1.e4 Nf6 2.Nc3 e5 3.Nf3 d6 4.d4 Nbd7 5.Bc4 Be7 6.O-O O-O 7.Re1 c6 8.a4 b6 
9.b3 a6 10.Bb2 Bb7 11.Bd3 Re8 12.Ne2 Bf8 13.Ng3 exd4 14.Nxd4 Nc5 15.Ndf5 
Re6 16.Qd2 Nxd3 17.cxd3 c5 18.Ne2 Ng4 19.Nf4 Re8 20.Nh5 g6 21.Nhg7 Re5 22.
h3 gxf5 23.Nh5 Bh6 24.f4 Nf6 25.Nxf6+ Qxf6 26.fxe5 Bxd2 27.exf6 Bxe1 28.
Rxe1 fxe4 29.dxe4 Re8 30.e5 Re6 31.a5 d5 32.Rc1 d4 33.axb6 Rxe5 34.Bxd4 
cxd4 35.Rc7 h5 36.Rxb7 Rb5 37.Rd7 Rxb6 38.Rxd4 Rxb3 39.Ra4 Rb6 40.Ra5 Rxf6
1/2-1/2

[Event "VIII Festival A"]
[Site "Verona ITA"]
[Date "2002.01.05"]
[Round "6"]
[White "Medancic, Rikard"]
[Black "Guido, Flavio"]
[Result "1-0"]
[WhiteElo "2260"]
[BlackElo "2351"]
[PlyCount "67"]
[EventDate "2002.01.02"]

1.b3 d5 2.Bb2 Bg4 3.f3 Bh5 4.e4 dxe4 5.Qe2 a6 6.Qxe4 Nc6 7.d3 e6 8.Nc3 Nf6
9.Qe2 Bb4 10.O-O-O Qe7 11.Ne4 Nxe4 12.dxe4 e5 13.Qf2 O-O 14.g4 Bg6 15.h4 
h5 16.gxh5 Bxh5 17.Ne2 Bc5 18.Qg3 Rad8 19.Rd5 Rxd5 20.exd5 Nd4 21.Nxd4 
Bxd4 22.Bxd4 exd4 23.Rg1 Qe3+ 24.Kb1 g6 25.Bd3 Re8 26.Rf1 Qe5 27.f4 Qd6 
28.Qg2 Re3 29.f5 Qg3 30.Qd2 Qxh4 31.Qb4 b5 32.fxg6 Bxg6 33.Bxg6 fxg6 34.
Qf8+ 1-0

[Event "VIII Festival A"]
[Site "Verona ITA"]
[Date "2002.01.05"]
[Round "6"]
[White "Mrdja, Milan"]
[Black "Ortega, Lexy"]
[Result "1-0"]
[WhiteElo "2399"]
[BlackElo "2481"]
[PlyCount "76"]
[EventDate "2002.01.02"]

1.e4 c5 2.Nf3 e6 3.d4 cxd4 4.Nxd4 a6 5.Bd3 Ne7 6.O-O Nec6 7.c3 g6 8.Nc2 
Bg7 9.f4 O-O 10.Nd2 d6 11.Nf3 Nd7 12.Ne3 b5 13.Bc2 Qc7 14.Qe1 Bb7 15.Bd2 
Rae8 16.Qh4 Qb6 17.Kh1 f5 18.exf5 gxf5 19.Rae1 Nf6 20.Nd1 Qc7 21.Nf2 Ne7 
22.Nd4 Ng6 23.Qh3 Qf7 24.a4 Nd5 25.Ne2 Kh8 26.axb5 axb5 27.Nd3 Rg8 28.Ng3 
Nf6 29.Re2 Ne7 30.Ne1 Bf8 31.Nf3 Rg6 32.Ng5 Qg8 33.Nh5 Nxh5 34.Qxh5 Nd5 
35.Bxf5 Nf6 36.Bxg6 Nxh5 37.Bxe8 Nf6 38.Bf7 Qg7 {...} 1-0

[Event "VIII Festival A"]
[Site "Verona ITA"]
[Date "2002.01.05"]
[Round "6"]
[White "Mussanti, Diego"]
[Black "Manca, Federico"]
[Result "1/2-1/2"]
[WhiteElo "2281"]
[BlackElo "2358"]
[PlyCount "67"]
[EventDate "2002.01.02"]

1.e4 c6 2.d4 d5 3.Nd2 dxe4 4.Nxe4 Nf6 5.Nxf6+ gxf6 6.Bc4 Bf5 7.Ne2 e6 8.
O-O Nd7 9.a4 Bd6 10.Bf4 Bxf4 11.Nxf4 Qc7 12.Qf3 O-O-O 13.a5 Rhg8 14.a6 b6 
15.Kh1 Nf8 16.c3 Ng6 17.Nxg6 hxg6 18.Bd3 Rh8 19.h3 Bxd3 20.Qxd3 g5 21.Rae1
f5 22.f4 g4 23.Re3 Rh4 24.b4 gxh3 25.g3 Rg4 26.Kh2 Qd6 27.Qe2 Rdg8 28.Rg1 
Kd7 29.Re5 b5 30.Qf3 Rh8 31.Rge1 Rhg8 32.Rg1 Rb8 33.Rge1 Rbg8 34.Rg1 
1/2-1/2

[Event "VIII Festival A"]
[Site "Verona ITA"]
[Date "2002.01.05"]
[Round "6"]
[White "Piantoni, Roberto"]
[Black "Popa, Florin"]
[Result "1-0"]
[WhiteElo "2174"]
[BlackElo "2215"]
[PlyCount "39"]
[EventDate "2002.01.02"]

1.d4 d5 2.Nf3 Nf6 3.e3 e6 4.Bd3 Nbd7 5.Nbd2 c5 6.c3 Bd6 7.O-O O-O 8.Re1 e5
9.e4 cxd4 10.cxd4 dxe4 11.Nxe4 Nxe4 12.Rxe4 f5 13.Rh4 Be7 14.Rh3 e4 15.
Bc4+ Kh8 16.Ne5 Qe8 17.Bf7 Rxf7 18.Ng6+ Kg8 19.Rxh7 Rf8 20.Qh5 1-0

[Event "VIII Festival A"]
[Site "Verona ITA"]
[Date "2002.01.05"]
[Round "6"]
[White "Rossi, Carlo"]
[Black "Martorelli, Antonio"]
[Result "1-0"]
[WhiteElo "2355"]
[BlackElo "2262"]
[PlyCount "109"]
[EventDate "2002.01.02"]

1.d4 d5 2.Bg5 c6 3.e4 Qb6 4.Nc3 Qxb2 5.Nge2 Nf6 6.Rb1 Qa3 7.Rb3 Qa5 8.Bd2 
dxe4 9.Nxe4 Qxa2 10.Nc5 Bf5 11.Nc3 Qa5 12.Rxb7 Qd8 13.Bf4 e6 14.Nb5 Nd5 
15.Bc7 Qc8 16.Nd6+ Bxd6 17.Bxd6 Qd8 18.Be5 O-O 19.Qd2 f6 20.g4 fxe5 21.
gxf5 Nf4 22.Rg1 Rf7 23.Rxf7 Kxf7 24.fxe6+ Kg8 25.Bc4 Kh8 26.dxe5 Nd5 27.
Bxd5 cxd5 28.e7 Qxe7 29.Qxd5 Nc6 30.Qxc6 Qxe5+ 31.Kf1 Rf8 32.Nd7 Qe8 33.
Qd5 Rf7 34.Ne5 Re7 35.Nd3 h6 36.Rg3 Rd7 37.Qc4 Qa8 38.f3 Re7 39.Kf2 Qb8 
40.Qd4 Qb7 41.Rg6 Qc7 42.Rxh6+ Kg8 43.Rh4 Qxc2+ 44.Kg3 Qc7+ 45.Nf4 Rf7 46.
Rg4 Qc1 47.Qd8+ Rf8 48.Qd5+ Rf7 49.Qa8+ Rf8 50.Qxa7 Qe1+ 51.Qf2 Qe5 52.
Qa2+ Rf7 53.Qa8+ Rf8 54.Qd5+ Qxd5 55.Nxd5 1-0

[Event "VIII Festival A"]
[Site "Verona ITA"]
[Date "2002.01.06"]
[Round "7"]
[White "Berni, Giorgio"]
[Black "Mussanti, Diego"]
[Result "0-1"]
[WhiteElo "2160"]
[BlackElo "2281"]
[PlyCount "78"]
[EventDate "2002.01.02"]

1.e4 c5 2.Nf3 e6 3.d4 cxd4 4.Nxd4 Nc6 5.Nb5 d6 6.c4 Nf6 7.N1c3 a6 8.Na3 
Be7 9.Be2 O-O 10.O-O Qc7 11.Be3 Ne5 12.f3 b6 13.Qd2 Bb7 14.Rfc1 Rac8 15.
Bf1 Rfd8 16.Kh1 Ned7 17.Rab1 Qb8 18.Bg1 Kh8 19.Nc2 Rg8 20.b4 g5 21.Bd3 Ne5
22.Ne3 Nxd3 23.Qxd3 Qa8 24.Qd4 Rg7 25.Na4 Nd7 26.Nxb6 Nxb6 27.Qxb6 g4 28.
Qd4 gxf3 29.gxf3 f5 30.c5 e5 31.Qd2 fxe4 32.cxd6 Rd8 33.Qb2 Bxd6 34.Bf2 
Rdg8 35.Rd1 Qf8 36.Qe2 Bc6 37.Rxd6 Qxd6 38.Nf5 exf3 39.Qf1 Rg1+ 0-1

[Event "VIII Festival A"]
[Site "Verona ITA"]
[Date "2002.01.06"]
[Round "7"]
[White "Guido, Flavio"]
[Black "Del Monaco, Andrea"]
[Result "1-0"]
[WhiteElo "2351"]
[BlackElo "2192"]
[PlyCount "99"]
[EventDate "2002.01.02"]

1.e4 c5 2.c3 e6 3.d4 d5 4.e5 Qb6 5.Nf3 Bd7 6.Be2 Nc6 7.O-O Rc8 8.a3 Nge7 
9.b4 cxd4 10.cxd4 Nf5 11.Bb2 Be7 12.Bd3 O-O 13.Nc3 Ncxd4 14.Nxd5 Nxf3+ 15.
Qxf3 exd5 16.Bxf5 Bxf5 17.Qxf5 a5 18.Qd7 Qe6 19.Qxb7 Rb8 20.Qa7 axb4 21.
axb4 Bxb4 22.Rfc1 Rbc8 23.h3 Rxc1+ 24.Rxc1 h6 25.Qb7 Bd2 26.Rd1 Bf4 27.
Rxd5 Qg6 28.Rd1 Re8 29.Re1 Bd2 30.Rf1 Bf4 31.Re1 Bd2 32.Re2 Qb1+ 33.Kh2 
Qd3 34.Qe4 Qxe4 35.Rxe4 g5 36.g3 Kh7 37.Rd4 Ba5 38.Rd7 Kg6 39.Kg2 Bb4 40.
Kf3 Re7 41.Rxe7 Bxe7 42.Ke4 Kh5 43.Bc1 Kg6 44.Be3 h5 45.f4 f5+ 46.Kd5 h4 
47.Ke6 hxg3 48.Kxe7 gxf4 49.Bxf4 g2 50.Bh2 1-0

[Event "VIII Festival A"]
[Site "Verona ITA"]
[Date "2002.01.06"]
[Round "7"]
[White "Ivanov, Jordan"]
[Black "Ortega, Lexy"]
[Result "1/2-1/2"]
[WhiteElo "2410"]
[BlackElo "2481"]
[PlyCount "45"]
[EventDate "2002.01.02"]

1.d4 d5 2.c4 c6 3.e3 Nf6 4.Nc3 e6 5.Nf3 Nbd7 6.Qc2 Bd6 7.Be2 O-O 8.O-O Qe7
9.b3 b6 10.Bb2 Bb7 11.e4 dxe4 12.Nxe4 Nxe4 13.Qxe4 Nf6 14.Qh4 c5 15.dxc5 
Bxc5 16.Rad1 Rfd8 17.Ne5 h6 18.Nd3 Bd6 19.Rfe1 Rd7 20.Ne5 Rdd8 21.Ng4 Nxg4
22.Qxg4 Qg5 23.h4 1/2-1/2

[Event "VIII Festival A"]
[Site "Verona ITA"]
[Date "2002.01.06"]
[Round "7"]
[White "Medancic, Rikard"]
[Black "Borgo, Giulio"]
[Result "0-1"]
[WhiteElo "2260"]
[BlackElo "2417"]
[PlyCount "84"]
[EventDate "2002.01.02"]

1.b3 c5 2.Bb2 b6 3.f4 Bb7 4.e3 e6 5.Nf3 Nf6 6.Be2 d6 7.O-O Be7 8.Qe1 O-O 
9.Qg3 a6 10.d3 Nc6 11.Nbd2 Nb4 12.Bd1 Nh5 13.Qh3 Bf6 14.d4 cxd4 15.Nxd4 e5
16.fxe5 dxe5 17.N4f3 g6 18.g4 Ng7 19.a3 Nd5 20.Qh6 Ne6 21.Bxe5 Nc3 22.Bxf6
Qxf6 23.Nd4 Qe5 24.Nc4 Qc5 25.Nf3 f6 26.Ncd2 Rad8 27.Kf2 Ng5 28.Re1 Nxf3 
29.Nxf3 Nxd1+ 30.Raxd1 Qxc2+ 31.Re2 Qxd1 32.Nd4 Rxd4 33.exd4 Qxd4+ 34.Kf1 
Be4 35.Rd2 Bd3+ 36.Kg2 Qxg4+ 37.Kf2 Re8 38.h3 Qd4+ 39.Kg3 Qe3+ 40.Qxe3 
Rxe3+ 41.Kf4 Rxh3 42.Kg4 Bf5+ 0-1

[Event "VIII Festival A"]
[Site "Verona ITA"]
[Date "2002.01.06"]
[Round "7"]
[White "Piscopo, Pierluigi"]
[Black "Piantoni, Roberto"]
[Result "1-0"]
[WhiteElo "2256"]
[BlackElo "2174"]
[PlyCount "85"]
[EventDate "2002.01.02"]

1.e4 Nf6 2.e5 Nd5 3.Nc3 Nxc3 4.bxc3 d5 5.d4 c5 6.Nf3 Nc6 7.Be2 Bg4 8.Rb1 
Qc7 9.h3 Bxf3 10.Bxf3 e6 11.O-O Be7 12.c4 Nxd4 13.cxd5 exd5 14.Bxd5 Qxe5 
15.c4 O-O 16.Re1 Qf6 17.Rxb7 Bd6 18.g3 Qf5 19.Qg4 Qxg4 20.hxg4 Nc2 21.Re2 
Nb4 22.Bf3 Nd3 23.Be3 Ne5 24.Bd5 Nxg4 25.Rd7 Rad8 26.Rxd6 Rxd6 27.Bxc5 Rd7
28.Bxf8 Kxf8 29.Bf3 Nf6 30.c5 Rd1+ 31.Kg2 Rc1 32.c6 Ne8 33.Rd2 Ke7 34.Rd7+
Ke6 35.Rxa7 Rc5 36.a4 g6 37.a5 h5 38.a6 Ra5 39.c7 Nxc7 40.Rxc7 Rxa6 41.
Rc6+ Rxc6 42.Bxc6 g5 43.Kf3 1-0

[Event "VIII Festival A"]
[Site "Verona ITA"]
[Date "2002.01.06"]
[Round "7"]
[White "Popa, Florin"]
[Black "Giretti Kanev, Jasen"]
[Result "1-0"]
[WhiteElo "2215"]
[BlackElo "2199"]
[PlyCount "63"]
[EventDate "2002.01.02"]

1.e4 e6 2.d4 d5 3.Nd2 dxe4 4.Nxe4 Nf6 5.Nxf6+ gxf6 6.Nf3 b6 7.Bb5+ c6 8.
Bd3 Bb7 9.Bf4 Na6 10.a3 Nc7 11.Qe2 Nd5 12.Bd2 Qc7 13.g3 b5 14.c3 a6 15.b3 
Rc8 16.c4 Ne7 17.O-O Ng6 18.Rfc1 Qd7 19.d5 bxc4 20.dxc6 Qxc6 21.Rxc4 Qd7 
22.Rxc8+ Qxc8 23.Rc1 Qd7 24.Bxa6 Bxa6 25.Qxa6 Be7 26.Bh6 Bd8 27.Rc3 Qd1+ 
28.Kg2 Ne5 29.Nxe5 fxe5 30.Rd3 Qh5 31.Qc6+ Ke7 32.Bg7 1-0

[Event "VIII Festival A"]
[Site "Verona ITA"]
[Date "2002.01.06"]
[Round "7"]
[White "Zelcic, Robert"]
[Black "Castaldo, Folco"]
[Result "1-0"]
[WhiteElo "2544"]
[BlackElo "2295"]
[PlyCount "139"]
[EventDate "2002.01.02"]

1.e4 e6 2.d4 d5 3.Nc3 dxe4 4.Nxe4 Nd7 5.Nf3 Ngf6 6.Nxf6+ Nxf6 7.Bd3 c5 8.
dxc5 Bxc5 9.O-O Qc7 10.a3 a5 11.Qe2 O-O 12.Bg5 b6 13.Bxf6 gxf6 14.b4 Be7 
15.Be4 Bb7 16.Bxb7 Qxb7 17.Nd4 Kh8 18.b5 Rad8 19.Nc6 Rd5 20.a4 Rg8 21.Rad1
Rdg5 22.g3 Bc5 23.Kg2 Qc8 24.f4 R5g6 25.Qf3 Qf8 26.Rd8 Qxd8 27.Nxd8 Rxd8 
28.Rd1 Rgg8 29.Rd3 Rxd3 30.Qxd3 Kg7 31.g4 h6 32.Qd7 e5 33.fxe5 fxe5 34.Kf3
Rh8 35.Ke4 h5 36.g5 Bd4 37.Kf5 h4 38.Qc7 Re8 39.g6 Rf8 40.c3 Bc5 41.Qxe5+ 
Kh6 42.g7 Rg8 43.Qf6+ Kh7 44.Qxf7 Rxg7 45.Qh5+ Kg8 46.Qxh4 Kf7 47.Qe4 Rg1 
48.Qb7+ Kg8 49.h4 Rf1+ 50.Ke4 Ra1 51.Qc8+ Kg7 52.Qg4+ Kh7 53.Qh5+ Kg7 54.
Qg4+ Kh7 55.Kd5 Rg1 56.Qh5+ Kg7 57.Kc4 Ra1 58.Qg4+ Kh7 59.Qh5+ Kg7 60.Qg4+
Kh7 61.Kd5 Rg1 62.Qf5+ Kg7 63.Kc6 Rg6+ 64.Kb7 Kh6 65.Ka6 Bg1 66.Qf1 Bc5 
67.Qf4+ Kh5 68.Qf5+ Kh6 69.Qxc5 bxc5+ 70.b6 1-0

[Event "VIII Festival B"]
[Site "Verona ITA"]
[Date "2002.01.02"]
[Round "1"]
[White "Bertani, Gianfranco"]
[Black "Pegoraro, Nicola"]
[Result "1-0"]
[WhiteElo "2172"]
[BlackElo "2091"]
[PlyCount "47"]
[EventDate "2002.01.02"]

1. e4 c5 2. Nf3 d6 3. Nc3 Nf6 4. d4 cxd4 5. Nxd4 a6 6. Be2 e5 7. Nb3 Be7 8. Be3
Be6 9. Bf3 Nbd7 10. g4 Nb6 11. g5 Nfd7 12. h4 Nc4 13. Bc1 Rc8 14. Nd5 Ndb6 15.
Nxe7 Qxe7 16. c3 Rd8 17. Nd2 d5 18. Nxc4 dxe4 19. Nxb6 Rxd1+ 20. Bxd1 O-O 21.
Be3 f5 22. gxf6 gxf6 23. Bh6 Qc5 24. Nd7 1-0

[Event "VIII Festival B"]
[Site "Verona ITA"]
[Date "2002.01.03"]
[Round "2"]
[White "Facchetti, Gianni"]
[Black "Pegoraro, Nicola"]
[Result "0-1"]
[WhiteElo "2165"]
[BlackElo "2091"]
[PlyCount "116"]
[EventDate "2002.01.02"]

1. e4 c5 2. Nf3 d6 3. d4 cxd4 4. Qxd4 Nc6 5. Bb5 Bd7 6. Bxc6 bxc6 7. c4 e5 8.
Qd3 Qc7 9. Nc3 h6 10. O-O Nf6 11. Rd1 Be7 12. b3 Rd8 13. Nd2 O-O 14. Nf1 Be6
15. Ne3 Qb7 16. Bb2 Ng4 17. Nxg4 Bxg4 18. f3 Be6 19. g4 Rd7 20. Qe2 Rfd8 21.
Kg2 f6 22. Bc1 d5 23. cxd5 cxd5 24. exd5 Bxd5 25. Nxd5 Rxd5 26. Be3 Kh8 27.
Rxd5 Rxd5 28. Qc4 a5 29. Rc1 Qd7 30. Qc8+ Kh7 31. Qxd7 Rxd7 32. h4 Kg6 33. h5+
Kf7 34. Kf2 Bb4 35. Rc8 Ke6 36. Ke2 Kd5 37. Rc1 Ke6 38. Rc8 Kd5 39. Bb6 Ke6 40.
Rd8 Rb7 41. Be3 Rc7 42. Kd3 Rc3+ 43. Ke4 Rc2 44. a4 Rb2 45. Rd3 Re2 46. f4 Bc5
47. Kf3 Rxe3+ 48. Rxe3 Bxe3 49. Kxe3 Kd5 50. fxe5 fxe5 51. Kd3 e4+ 52. Ke3 Ke5
53. b4 axb4 54. a5 Kd5 55. a6 Kc6 56. Kxe4 Kb6 57. Kd4 Kxa6 58. Kc4 Ka5 0-1

[Event "VIII Festival B"]
[Site "Verona ITA"]
[Date "2002.01.03"]
[Round "3"]
[White "Pegoraro, Nicola"]
[Black "Farina, Saverio"]
[Result "0-1"]
[WhiteElo "2091"]
[BlackElo "2106"]
[PlyCount "50"]
[EventDate "2002.01.02"]

1. e4 e6 2. d4 d5 3. e5 c5 4. c3 Qb6 5. Bd3 Nc6 6. dxc5 Bxc5 7. Qe2 a5 8. Nf3
f6 9. O-O fxe5 10. Nxe5 Nf6 11. Nd2 Nxe5 12. Qxe5 Bxf2+ 13. Kh1 O-O 14. Nb3 a4
15. Nd4 Bxd4 16. cxd4 Bd7 17. Bh6 Qd8 18. Bg5 Ng4 19. Bxd8 Rxf1+ 20. Bxf1 Nxe5
21. Bb6 Nc4 22. Bxc4 dxc4 23. Rc1 a3 24. Rb1 Bc6 25. Bc5 Be4 0-1

[Event "VIII Festival B"]
[Site "Verona ITA"]
[Date "2002.01.04"]
[Round "4"]
[White "Bini, Lorenzo"]
[Black "Pegoraro, Nicola"]
[Result "1-0"]
[WhiteElo "2067"]
[BlackElo "2091"]
[PlyCount "104"]
[EventDate "2002.01.02"]

1. d3 d5 2. f4 c5 3. Nf3 Nc6 4. g3 g6 5. Bg2 Bg7 6. c3 e6 7. Be3 b6 8. O-O Nge7
9. Qc2 Bb7 10. Nbd2 Qc7 11. Rfe1 O-O 12. Bf2 Rac8 13. e4 dxe4 14. dxe4 Rfd8 15.
Bf1 a6 16. Rad1 Na5 17. h3 Re8 18. Bg2 Rcd8 19. e5 Bd5 20. c4 Bb7 21. Ne4 Bxe4
22. Qxe4 Nac6 23. g4 Rd7 24. Qb1 Red8 25. Ng5 Bh6 26. Rxd7 Qxd7 27. Ne4 Bg7 28.
Nf6+ Bxf6 29. exf6 Nc8 30. Qe4 Nd4 31. b3 Nd6 32. Qe5 Ne8 33. Kh2 Qd6 34. Rd1
Nc7 35. h4 a5 36. Bxd4 cxd4 37. Be4 Qxe5 38. fxe5 Na6 39. Kg3 Nc5 40. Kf4 Kf8
41. Rd2 Rd7 42. Bf3 Rd8 43. h5 Kg8 44. hxg6 hxg6 45. g5 Kf8 46. Bd1 Kg8 47. a3
Kf8 48. b4 axb4 49. axb4 Na6 50. Rb2 Rc8 51. Be2 Nb8 52. Ke4 Ke8 1-0

[Event "VIII Festival B"]
[Site "Verona ITA"]
[Date "2002.01.05"]
[Round "5"]
[White "Pegoraro, Nicola"]
[Black "Carli, Carlo"]
[Result "1-0"]
[WhiteElo "2091"]
[BlackElo "2115"]
[PlyCount "45"]
[EventDate "2002.01.02"]

1. e4 e5 2. Nc3 Nf6 3. f4 d6 4. Bc4 Nc6 5. Nf3 Be6 6. Bb5 exf4 7. d4 d5 8. Ne5
Nxe4 9. Nxe4 dxe4 10. Bxf4 Bd7 11. Nxd7 Qxd7 12. d5 O-O-O 13. dxc6 Qf5 14.
cxb7+ Kxb7 15. Qe2 Qxf4 16. Ba6+ Ka8 17. Rf1 Qe5 18. Qc4 Qd5 19. Qxd5+ Rxd5 20.
Rxf7 Bd6 21. Rd1 Ra5 22. Bc4 Kb7 23. Rxd6 1-0

[Event "VIII Festival B"]
[Site "Verona ITA"]
[Date "2002.01.05"]
[Round "6"]
[White "Pircher, Karl"]
[Black "Pegoraro, Nicola"]
[Result "1-0"]
[WhiteElo "2063"]
[BlackElo "2091"]
[PlyCount "77"]
[EventDate "2002.01.02"]

1. d4 f5 2. g3 Nf6 3. Bg2 g6 4. Nf3 Bg7 5. O-O O-O 6. c4 d6 7. Nc3 Nc6 8. d5
Ne5 9. Nxe5 dxe5 10. e4 f4 11. gxf4 Nh5 12. f5 Bd7 13. Bh3 Qe8 14. Qd3 gxf5 15.
exf5 Qf7 16. Be3 Bxf5 17. Bxf5 Qxf5 18. Qxf5 Rxf5 19. Kh1 Nf4 20. Rg1 Nd3 21.
Rg2 Kf7 22. Rag1 Bf6 23. b3 Nf4 24. Rg3 e4 25. Bxf4 Rxf4 26. R1g2 a6 27. Re3
Bxc3 28. Rxc3 Kf6 29. Rh3 Rh8 30. Rh6+ Kf7 31. Kg1 Rf3 32. Rg3 Rf4 33. Rgh3 Kg7
34. Re6 Kf7 35. Reh6 Rg8+ 36. Kf1 Rg7 37. Rxh7 Rfg4 38. Rxg7+ Kxg7 39. Rg3 1-0